|
|
|
|
| LEADER |
00000nam0a2200000 4500 |
| 001 |
685005 |
| 005 |
20260218140826.0 |
| 090 |
|
|
|a 685005
|
| 100 |
|
|
|a 20260218d1978 k||y0rusy50 ca
|
| 101 |
0 |
|
|a rus
|
| 102 |
|
|
|a RU
|
| 105 |
|
|
|a y z 100yy
|
| 181 |
|
0 |
|a i
|b e
|
| 182 |
|
0 |
|a n
|
| 183 |
|
0 |
|a nc
|2 RDAcarrier
|
| 200 |
1 |
|
|a Всесоюзная конференция по устойчивости движения, колебаниям механических систем и аэродинамике
|e тезисы докладов, 30 января - 1 февраля 1978 г., г. Москва
|f Московский авиационный институт
|
| 203 |
|
|
|a Текст
|b визуальный
|c непосредственный
|
| 210 |
|
|
|a Москва
|c Изд-во МАИ
|d 1978
|
| 215 |
|
|
|a 70с.
|
| 283 |
|
|
|a volume
|2 RDAcarrier
|
| 300 |
|
|
|a К 70-летию со дня рождения Георгия Владимировича Каменкова
|
| 606 |
|
|
|a Движение
|x Устойчивость
|x (динамика)
|9 84087
|
| 606 |
|
|
|a Колебания, теория
|9 41031
|
| 610 |
1 |
|
|a физика
|
| 610 |
1 |
|
|a механические системы
|
| 610 |
1 |
|
|a аэродинамика
|
| 610 |
1 |
|
|a тезисы
|
| 610 |
1 |
|
|a конференции
|
| 675 |
|
|
|a 531.36(063)
|v 4
|
| 675 |
|
|
|a 534.01(063)
|v 4
|
| 712 |
0 |
2 |
|a Московский авиационный институт
|c (1930- )
|4 570
|9 23867
|
| 712 |
1 |
2 |
|a Всесоюзная конференция по устойчивости движения, колебаниям механических систем и аэродинамике
|c конференция
|4 570
|e Москва
|f 1978
|
| 801 |
|
0 |
|a RU
|b 63413507
|c 20260218
|
| 830 |
|
|
|a Ретро2026Каталогизация Кузнецова
|
| 850 |
|
|
|a 63413507
|
| 942 |
|
|
|c BK
|